[Event "ESP-chB playoff places"]
[Site "Ayamonte"]
[Date "2002.10.08"]
[Round "2"]
[White "Vallejo Pons, Francisco"]
[Black "Herraiz Hidalgo, Herminio"]
[Result "1/2-1/2"]
[WhiteElo "2635"]
[BlackElo "2458"]
[Annotator "Finkel,A"]
[PlyCount "111"]
[EventDate "2002.10.08"]
[EventType "match"]
[EventRounds "2"]
[EventCountry "ESP"]
[SourceTitle "CBM 092"]
[Source "ChessBase"]
[SourceDate "2003.02.06"]
[SourceVersion "1"]
[SourceVersionDate "2003.02.06"]
[SourceQuality "1"]

1. e4 e6 2. d4 d5 3. Nc3 Nf6 4. Bg5 Bb4 5. e5 h6 6. Bd2 Bxc3 7. bxc3 Ne4 8. Qg4
g6 (8... Kf8) 9. Bd3 Nxd2 10. Kxd2 c5 11. Nf3 (11. Qf4 cxd4 (11... Nc6 12. Nf3
Bd7 13. h4 Qe7 14. h5 g5 15. Qf6 $1 $16 {Kovalev-Vaisser (Paris 1991)}) 12.
cxd4 Qa5+ 13. Ke3 b6 14. Ne2 Nd7 15. Rhe1 Ba6 $11 {Petruchin-Piskov (Russland
1992)}) 11... Bd7 (11... Nc6) (11... cxd4 12. cxd4 Qa5+ 13. c3 Nd7 14. Bxg6 $5
fxg6 15. Qxe6+ Kd8 16. Qxg6 Qb6 17. Qc2 $13 {Schulz,R-Goebel,W/RLNS 1991 (41)})
(11... b6 12. h4 Qe7 13. Rhb1 Bd7 14. a4 Nc6 15. Qf4 Rc8 16. g4 Kd8 $132 {
Elssauid,A-Teo Kok Siong/Novi Sad olm 1990}) (11... Qe7 12. Rhb1 Nc6 13. a4 c4
14. Be2 b6 15. h4 Bd7 16. Qf4 O-O-O $13 {Pedzich,D-Daly,C/Cappelle op 1995 (41)
}) (11... c4 $6 12. Be2 Bd7 13. h4 Nc6 14. Qf4 Qe7 15. Nh2 h5 16. Nf3 $14 {
Shtyrenkov,V-Romanov,O/Pardubice op 1995 (35)}) (11... Qa5 12. a4 Nc6 13. Qf4
Bd7 14. dxc5 Qxc5 15. Nd4 Nxd4 16. Qxd4 Rc8 17. Rhb1 $14 {Hallebeek,F-Zueger,B/
Lugano op 1989 (39)}) 12. Rhb1 (12. Qf4 Bc6 (12... c4 13. Be2 Bc6 14. h4 Nd7
15. Nh2 Qe7 (15... f5 $6 16. exf6 Nxf6 17. Bf3 Qe7 18. Ng4 Nxg4 19. Qxg4 Qf6
20. Rae1 $14 {Martin Gonzalez,A-Garcia Gomez,P/ESP-ch 1994}) 16. Ng4 O-O-O 17.
Nxh6 Rdf8 18. Qg5 f6 19. exf6 Nxf6 20. Bf3 Qg7 $132 {Pedersen,N-Nielsen,U/
Aarhus-ch 1996}) 13. Rhb1 (13. h4 Nd7 14. Rh3 $6 (14. Nh2 Qc7 (14... cxd4 15.
cxd4 Qa5+ 16. Ke3 O-O-O 17. Qxf7 $16 {Vinck,M-Groffen,H/HZ Open 1999}) 15. Ng4
f5 16. Nxh6 Nb6 17. h5 gxh5 18. Qg5 $1 $16 {Loskutov,O-Shliahtin,I/RUS-chT 1995
}) (14. Rhe1 $6 Qe7 15. a4 $2 c4 16. Be2 a5 $1 {[%csl Ra4]} 17. Ra2 O-O-O $15 {
Degraeve,J-Gurevich,M/Festival comtois 3rd 1998}) 14... Qe7 15. dxc5 O-O-O 16.
Nd4 Nxc5 $1 17. Rb1 (17. Rf3 Rd7 18. Qf6 Qxf6 19. Rxf6 h5 20. f3 Re7 21. Re1
Rc7 $132 {Lindberg,B-Nielsen,P/Politiken Cup 1998}) 17... Qc7 18. Qf6 $6 Rhf8
19. f4 Ne4+ $1 20. Bxe4 dxe4 $36 {Spraggett,K-Glek,I/Cappelle la Grande op 1998
}) (13. dxc5 Nd7 14. h4 Qe7 15. Nd4 Nxc5 16. f3 Bd7 17. a4 a6 18. a5 Rc8 $13 {
Olivier,J-Sharif,M/Lyon op 1995}) 13... c4 14. Be2 Nd7 15. h4 Qe7 16. g4 (16.
Nh2 $5 {[%cal Gh2g4,Gg4f6]} g5 (16... O-O-O 17. Ng4 g5 18. hxg5 hxg5 19. Qe3
Rh7 20. Bf3 Rdh8 21. Re1 $14 {Nataf,I-Chaudagne,C/FRA-chT9697 final 1997}) 17.
hxg5 hxg5 18. Qg3 f6 19. exf6 Nxf6 20. Bf3 Rh4 21. Re1 g4 $13 {Bakre,
T-Naiditsch,A/Atom Cup GM 3rd 1998}) 16... O-O-O 17. g5 h5 $6 18. a4 a5 19. Ke1
Kc7 20. Qc1 Ra8 $132 {Hunt,A-Lalic,B/Port Erin 1999}) (12. Rab1 $6 c4 13. Be2
Bc6 14. h4 Nd7 15. Nh2 Qe7 16. Qf4 f5 $1 $132 {Toth,A-Hoang Thanh Trang/FSGM
Feb 1999}) (12. h4 c4 13. Be2 Bc6 14. Ng1 Nd7 15. f4 Rg8 16. h5 f5 17. Qg3 g5
$13 {Keitlinghaus,L-Glek,I/NRW-Cup Masters op 1997}) 12... Bc6 (12... c4 13.
Be2 Bc6 14. h4 Nd7 15. Nh2 Qe7 16. f4 (16. Qf4 O-O-O 17. Ng4 g5 18. hxg5 hxg5
19. Qe3 Rh7 20. Bf3 $14 {Nataf,I-Chaudagne,C/Clichy 1997}) 16... O-O-O 17. h5
f5 18. Qh3 g5 19. g4 Rdf8 $13 {Hunt,A-Benitah,Y/Oakham 1997}) (12... h5 13. Qf4
Bc6 14. Bb5 Qe7 15. a4 a6 16. Be2 Nd7 17. h4 Rc8 18. Ng5 $14 {Tseshkovsky,
V-Zhenetl,R/Krasnodar 1998}) 13. Bxg6 $5 {This idea was tried by white after
inclusion of 13.a3 c4, but it seems to be ok here as well.} (13. h4 Nd7 14. Qf4
{1/2-1/2 Goloshchapov,A-Vysochin,S/Alushta 1999/EXT 2001 (14)}) (13. a4 c4 (
13... Nd7 14. a5 Qe7 15. Ra2 O-O-O $132 {Absmaier,F-Strangmueller,A/Bayern 1999
}) 14. Bxg6 fxg6 15. Qxe6+ Qe7 16. Qc8+ Qd8 17. Qe6+ Qe7 18. Qc8+ {1/2-1/2
Kolev,A-Comas Fabrego,L/ESP 1999/EXT 2000 (18)}) 13... fxg6 (13... Rg8 $4 14.
Qxe6+ $18) 14. Qxe6+ Kf8 15. Qxg6 Nd7 16. Re1 {[%cal Ge5e7]} ({Doesn't work} 
16. e6 $6 Qf6 $1 17. Qg4 Rg8 18. Qh3 Qf4+ 19. Ke1 Nf6 $17) 16... Qe7 $8 17. Re3
Nb6 18. Ke1 Be8 $5 (18... Nc4 $5) 19. Qf5+ {Deciding to trade the queens.} (19.
Nh4 $5 Bxg6 20. Nxg6+ Kf7 21. Nxe7 Kxe7 $13 {[%csl Rc2,Rc3][%cal Ga8c8]}) 19...
Qf7 20. Qxf7+ Kxf7 21. dxc5 Nc4 $132 22. Re2 Ke7 {[%cal Ge8h5]} 23. Nd4 Bh5 24.
f3 Rac8 25. Rb1 (25. Nf5+ Kf8 26. Rb1) 25... b6 26. Nf5+ Kd8 27. cxb6 (27. Nd6
$5 Nxd6 28. cxd6 Rxc3 29. Rd1 Kd7 30. Rxd5 Bf7 31. Rd3 Rhc8 $14) 27... Nxb6 28.
Rb3 Bg6 29. Nd4 Ke7 30. Ra3 $6 {Taking another pawn, but forgetting to advance
the pawns on the kingside!} (30. f4 Rhf8 31. Rf2 {[%cal Gf4f5]} Bf5 32. Nxf5+
Rxf5 33. g4 Rff8 34. f5 $16) 30... Rc7 31. Rxa7 $6 (31. f4 $5) 31... Rxa7 32.
Nc6+ Kd7 33. Nxa7 Ra8 34. e6+ Kd6 $1 35. Nb5+ Ke7 36. a3 Ra5 37. Nd4 Rxa3 38.
Nc6+ Kd6 39. Nd4 Ke7 40. Nc6+ Ke8 (40... Kd6 $11) 41. Ne5 Bh7 42. Kd2 Ra2 43.
Ke1 Rxc2 44. Rxc2 Bxc2 45. Ng4 h5 46. Nf6+ Ke7 47. Nxh5 Kxe6 $11 48. Nf4+ Ke5
49. Ne2 Nc4 50. Kf2 Na3 51. Ke3 Nb1 52. f4+ Kd6 53. Nd4 Ba4 54. Kd3 Bd7 55. f5
Ke5 56. c4 1/2-1/2

[Event "Linares 20th"]
[Site "Linares"]
[Date "2003.02.25"]
[Round "4"]
[White "Vallejo Pons, Francisco"]
[Black "Radjabov, Teimour"]
[Result "1/2-1/2"]
[WhiteElo "2629"]
[BlackElo "2624"]
[Annotator "Finkel,A"]
[PlyCount "96"]
[EventDate "2003.02.22"]
[EventType "tourn"]
[EventRounds "14"]
[EventCountry "ESP"]
[EventCategory "20"]
[SourceTitle "CBM 094"]
[Source "ChessBase"]
[SourceDate "2003.05.26"]
[SourceVersion "1"]
[SourceVersionDate "2003.05.26"]
[SourceQuality "1"]

1. e4 e6 2. d4 d5 3. Nc3 Nf6 4. Bg5 Bb4 5. e5 h6 6. Bc1 $5 Ne4 7. Qg4 g6 8.
Nge2 c5 9. a3 Bxc3+ {I think that more accurate is 9...Ba5,but the move in the
game also has a right to exist.} (9... Ba5 10. b4 Nxc3 11. Nxc3 cxb4 $6 (11...
cxd4 12. Nb5 Bc7 13. f4 Nc6 14. Bd3 (14. Bb2 Bd7 15. Bd3 Bb8 16. Nxd4 Qb6 17.
Nb3 a6 18. Qe2 Ba7 $13 {Sheremetieva,M-Charkova,E/ROM-chT 1993 (42)}) 14... a6
15. Nxc7+ Qxc7 16. O-O Bd7 17. Bd2 Ne7 18. Qe2 Qb6 19. a4 $44 {1/2-1/2 Forster,
R-Quinn,M/WchJM-U18 1993}) 12. Nb5 b3+ 13. Bd2 Bxd2+ 14. Kxd2 Qa5+ 15. c3 Nc6
16. Qf4 Kf8 17. Bd3 $16 {Foerster,R-Eggenberger,U/Bad Ragaz op 1992 (22)}) (
9... cxd4 10. axb4 dxc3 11. f3 $5 cxb2 12. Bxb2 Qg5 13. Qxg5 Nxg5 14. h4 Nh7
15. Nd4 O-O 16. Bd3 $36 {Klavins,J-Shagalovich,A/URS-chT 1962 (37)}) 10. bxc3
$5 ({Nothing special promises} 10. Nxc3 Nxc3 11. bxc3 Qa5 (11... Nc6 12. Bd3
Qa5 13. Bd2 Qa4 14. O-O c4 15. Be2 Qxc2 16. Qf4 Qf5 17. Qe3 $14 {Bogdanovic,
R-Meier,V/Bad Woerishofen 1988}) 12. Bd2 Qa4 13. c4 Nc6 14. dxc5 Qxc2 15. Qf4
d4 16. Be2 Qf5 $13 {and black has got sufficient counterchanses; Zolnierowicz,
K-Vaisser,A/Nimes op 1991 (48)}) 10... cxd4 ({Black can not play typical} 10...
Qa5 $2 {because of} 11. f3 $1 Nxc3 12. Bd2 cxd4 13. Nxd4 $1 (13. Qxd4 Nxe2 14.
Bxe2 Nc6 15. Qf4 Qc7 16. Bb5 Bd7 $13) 13... Qc7 14. Qf4 Nd7 15. a4 $1 $16 {
[%csl Rc3][%cal Gf4e3] and the knight is trapped.}) 11. cxd4 Qc7 (11... Nc6 $5
12. c3 Qa5 13. Qf3 Bd7 14. Qe3 Ne7 15. Bb2 Nf5 16. Qc1 Bb5 $36 {Pohla,
H-Arulaid,A/Soviet Union 1966}) (11... Qa5+ 12. c3 Bd7 13. f3 Bb5 14. fxe4 Bxe2
15. Qh3 Bxf1 16. Rxf1 dxe4 17. Kf2 Nd7 18. Kg1 $14 {Rytshagov,M-Anderton,D/
Gausdal 2000}) 12. f3 Nc3 13. Bd2 {White has pair of bishops, and there is a
dark-square complex in the black camp already proving to be a headache.} Na4 (
13... Nxe2 14. Bxe2 Bd7 (14... Qxc2 $4 15. Rc1 $18) 15. Bd3 Nc6 16. Rb1 O-O-O
17. Qf4 $14 {Hector,J-Pedersen,S/Oxford 1998}) 14. Nf4 a6 15. c4 $1 {White
explosively strikes at the center completing development of the pieces and
increasing the pressure.} dxc4 16. Bxc4 Nc6 (16... Qxc4 $2 17. Rc1 $18 {
[%csl Rc8][%cal Gc1c8]}) 17. Rc1 Qe7 $8 (17... Nb2 $6 18. Be2 Qd8 (18... Qb6
19. Nh5 $1 $18) 19. Nh5 $1 gxh5 20. Qg7 Kd7 (20... Rf8 21. Rxc6 $1 {[%cal
Gd2b4]} bxc6 22. Bb4 $18 {[%csl Rf8]}) (20... Ke7 21. Bb4+ Nxb4 22. Qf6+ Kd7
23. Qxf7+ Qe7 24. Rc7+ $1 $18) 21. d5 $1 exd5 22. Qxf7+ Qe7 23. Qxd5+ Kc7 24.
Bb4 {[%cal Gb4d6]} Qe6 25. Bd6+ Kd8 26. Qd2 Na4 27. Rxc6 bxc6 28. Qa5+ Ke8 29.
Qxa4 $18) 18. O-O (18. Bb3 $6 Nb6 $1 (18... Qxa3 19. Bxe6 Bxe6 20. Nxe6 fxe6
21. Rxc6 bxc6 22. Qxe6+ Qe7 23. Qxc6+ Kf7 24. Qxa4 $16) 19. a4 h5 $1 20. Qg3
Nxd4 21. Bd1 Nc6 $132) 18... Nb6 (18... Nb2 19. Nd3 $1 Nxc4 20. Rxc4 Qxa3 21.
Nc5 $16 {[%csl Ra3]}) 19. Nd3 (19. Nxg6 $6 fxg6 20. Bd3 g5 $1 21. f4 h5 $1 $13)
19... Qxa3 $6 {Too optimistic. It was necessary to play 19...Bd7 with worse,
but defendable position.} 20. Ra1 $6 {Permitting black to regroup his forces.
Much more convincing was} (20. Nf2 $1 {[%cal Gf2e4,Ge4f6,Ge4d6]} Qb2 (20... Bd7
21. Ne4 Nxc4 22. Rxc4 b5 23. Rc3 $18) 21. Ne4 Qxd4+ 22. Kh1 Nxc4 (22... h5 23.
Qf4 Nxc4 24. Rxc4 Qd3 25. Nd6+ $18) 23. Rxc4 Qd3 24. Rd1 Nxe5 25. Qf4 $1 $18 {
with decisive threats.}) 20... Qe7 21. Bb3 Qd8 $1 {[%csl Rd4]} 22. Be3 Nd5 23.
Bf2 h5 $1 {Black is in troubles anyway.At least after this one he is going to
suffer for a couple of pawns!} 24. Qe4 Nc3 25. Qe1 (25. Qe3 Nxd4 $1) 25... Nxd4
26. Bd1 Ndb5 27. Nc5 O-O 28. Ba4 $1 Nxa4 29. Rxa4 {Much stronger was} (29. Nxa4
$1 {[%cal Ga4b6]} Rb8 30. Nb6 Nd4 31. Rb1 $16 {and black pieces are in
zugzwang.}) 29... f5 30. Qc1 $1 {[%cal Gc1h6] Intending to disturb black on
the kingside.} (30. exf6 Qxf6 31. Qd2 e5 32. Re1 Bf5 $13) 30... Kh7 31. Rc4 Qe8
32. Qg5 b6 33. Na4 Bb7 34. Be3 Qf7 35. Nxb6 ({Much better was} 35. Rd1 $1 {
taking square d8 under control and preparing to penitrate to d7} Bd5 36. Nxb6
Qg7 37. Nxd5 exd5 38. Rxd5 $16 {[%cal Ge5e6,Gd5d7] with enormous advantage.})
35... Rad8 36. Rfc1 Qg7 37. h3 $2 ({Missing} 37. Bc5 $1 Rfe8 38. Bd6 $1 $18 {
and black is helpless to prevent Rc7.}) 37... Rd3 $1 $132 38. Bc5 Rf7 39. Bf2
Qxe5 40. Re1 Qg7 (40... Qf6 $1 41. Qxf6 Rxf6 42. Bh4 g5 $1 43. Bxg5 Rg6 44. h4
e5 45. Na4 Bd5 $15) 41. Rxe6 Nd4 {Time pressure is over and black has managed
to escape with some advantages. The trouble however is that his weakened
kingside structure limits his chances to gain the full point.} 42. Re1 $1 (42.
Bxd4 Rxd4 43. Rxd4 Qxd4+ 44. Kh2 Rg7 45. Kh1 a5 $15) 42... f4 (42... a5 43. Ra4
$1 Nc6 (43... Nb3 $6 44. Nc4 Bc6 45. Ne5 $1 Bxa4 46. Nxf7 {[%cal Ge1e7]} Rd7
47. Nd6 $1 $36 {[%cal Gd6e8,Ge8f6]}) 44. Re6 $1 Qh6 45. Qh4 Rd1+ 46. Kh2 $44)
43. Bxd4 (43. Qc5 $5 Nxf3+ $6 (43... Nc6 44. Rce4 $44) 44. gxf3 Rxf3 45. Nd5 g5
{[%cal Gg5g4]} 46. Rb4 $14) 43... Rxd4 44. Kh1 Rd6 45. Na4 $1 {[%cal Ga4c5,
Gc5e4]} (45. Nc8 $6 Rd5 46. Qh4 a5 47. Nb6 Rd6 48. Nc8 Rd3 $17) 45... Rd5 46.
Qh4 Qf8 47. Qf2 Qd6 48. Nc5 Rdf5 (48... Rd2 $5 49. Nxb7 Rxb7 50. Qh4 Rf7 51.
Rc8 Rd1 52. Rxd1 Qxd1+ 53. Kh2 Qd6 $15) 1/2-1/2

[Event "USA-ch"]
[Site "Seattle"]
[Date "2003.01.10"]
[Round "2"]
[White "Finegold, Benjamin"]
[Black "Kraai, Jesse"]
[Result "0-1"]
[WhiteElo "2551"]
[BlackElo "2453"]
[Annotator "Finkel,A"]
[PlyCount "160"]
[EventDate "2003.01.09"]
[EventType "swiss"]
[EventRounds "9"]
[EventCountry "USA"]
[SourceTitle "CBM 093"]
[Source "ChessBase"]
[SourceDate "2003.04.01"]
[SourceVersion "1"]
[SourceVersionDate "2003.04.01"]
[SourceQuality "1"]

1. e4 e6 2. d4 d5 3. Nc3 Nf6 4. Bg5 Bb4 5. e5 h6 6. exf6 $6 {This variation is
considered by modern opening theory as leading to very comfortable position
for black. This game just supports theoretical evaluation.} hxg5 7. fxg7 Rg8 8.
h4 Nc6 9. h5 Rxg7 10. Bb5 $5 {Probably the best try by white, howeevr
insufficient for advantage.} (10. h6 Rh7 11. Bd3 (11. Qd3 f5 12. O-O-O Qf6 13.
g4 Bxc3 14. bxc3 Rxh6 15. Rxh6 Qxh6 16. gxf5 g4+ 17. Kb1 exf5 18. Re1+ $36 {
L'Ami,E-Barsov,A/Wijk aan Zee 1999}) 11... Rh8 12. Qh5 Qf6 13. Nf3 (13. Nge2
Nxd4 14. O-O-O Nxe2+ 15. Nxe2 Bd7 16. f4 $44 {Oms Fuentes,L-Rodriguez Fontecha,
M/Oropesa del Mar 2001}) 13... Nxd4 14. Nxg5 Nf5 15. h7 Bxc3+ 16. bxc3 Qxc3+
17. Ke2 Qe5+ 18. Kd2 Qf4+ 19. Ke2 Nd6 $15 {Landa,K-Morozevich,A/Samara 1998}) (
10. Qd2 Qf6 11. O-O-O Bd7 12. g4 O-O-O 13. Bg2 Na5 $15 {Abadia Pascual,
L-Torres Coll,J/Cala Mendia 2001}) 10... Qf6 (10... Bd7 11. Nf3 Qe7 12. Qd3
O-O-O 13. Bxc6 Bxc6 14. Ne5 Be8 15. O-O-O f6 $13 {Barmbold,J-Bischof,D/
Saarbruecken 2002}) 11. Nf3 Bd7 12. Qd3 Bd6 $1 {[%csl Ge5] This move taking e5
under control is importnat improvement comparing to 12....0-0-0 played in more
recent game.} (12... O-O-O 13. Bxc6 Bxc6 14. Ne5 Rh8 15. a3 Bxc3+ 16. Qxc3 Be8
17. f3 $14 {Zaniratti,I-Marcotulli,G/SEMI email 1999}) 13. h6 $6 {After this
move black is probably better so white shoul've taken one of the bishops after}
(13. Bxc6 Bxc6 14. Nb5 g4 15. h6 Rg8 16. Nxd6+ cxd6 17. Nd2 Rh8 18. h7 O-O-O
$13 {with mutual chances.}) 13... Rg6 $5 14. h7 O-O-O 15. Bxc6 Bxc6 16. O-O-O (
16. Qe3 Rh6 $17 {[%csl Rh7]}) 16... g4 17. Ne5 {White is forced to give up a
pawn, however his passer on the h-file is blocked by black pieces so white
doesn't have compensation for the lack of material.} Bxe5 18. dxe5 Qxe5 19. Ne2
Rh8 20. f4 gxf3 21. gxf3 Qg7 $17 22. Qa3 (22. Nf4 Rh6 $19) 22... Rxh7 23. Qxa7
Rxh1 24. Rxh1 Rh6 25. Rg1 Qe5 26. Qa3 Rh8 {Black has material and positional
advantage so his win is just a matter of time.} (26... Qxe2 $2 27. Qf8+ Kd7 28.
Qxf7+ Kd6 29. Qf8+ Ke5 (29... Kd7 30. Rg7#) 30. Rg5+ Kd4 31. Rg4+ Ke3 (31...
Ke5 32. Qf4#) 32. Qxh6+ $18) 27. Qd3 b6 28. f4 Qf6 29. Qe3 Kb7 30. Nd4 Rh4 31.
Rf1 Bd7 32. c3 c5 33. Nc2 Bb5 34. Rf2 Qf5 (34... Rh1+ 35. Ne1 Qg6 $19) 35. b3
Bd3 36. Ne1 Be4 {[%csl Re1]} 37. Kb2 Rh1 38. a4 {[%csl Rb3]} d4 $1 39. Qd2 Rh3
40. cxd4 Bd5 {White is incapable to protect the pawn on b3.} (40... Qd5 $1 41.
Qd1 Rxb3+ 42. Qxb3 Qxd4+ $19) 41. Nc2 Rxb3+ 42. Kc1 Rd3 43. Qe1 cxd4 44. Qb4
Qf6 45. a5 Rb3 46. Qxd4 Qxd4 47. Nxd4 Rb4 48. Nc2 Rc4 49. Kb2 (49. axb6 Be4 50.
Kd1 Bxc2+ 51. Rxc2 Rxc2 52. Kxc2 Kxb6 $19) 49... bxa5 50. f5 e5 51. Ne3 Rb4+
52. Ka1 Kc6 53. Rc2+ Kd6 54. Rc8 (54. Rd2 Rd4 $19) 54... Bb3 55. Ra8 a4 56. f6
Rf4 57. Kb2 Rxf6 58. Ra6+ Ke7 59. Ra7+ Kf8 60. Ng4 Re6 61. Ra5 f6 62. Nxf6 Rxf6
63. Rxe5 Rf3 64. Ra5 Ke7 65. Ra6 Kd7 66. Ra7+ Kc6 67. Ra8 Kb6 68. Rb8+ Ka7 69.
Rb4 Ka6 70. Rb8 Bd5 71. Rb4 Rb3+ 72. Ka1 $5 Ka5 (72... Rxb4 $11) 73. Rd4 Bc6
74. Rc4 Bb5 75. Rd4 a3 76. Rh4 Rc3 77. Rh1 Ka4 78. Rg1 Bd3 79. Ka2 Rc2+ 80. Ka1
Kb3 0-1

[Event "Belgrade"]
[Site "Belgrade"]
[Date "1993.??.??"]
[Round "5"]
[White "Romanishin, Oleg M"]
[Black "Beliavsky, Alexander G"]
[Result "0-1"]
[WhiteElo "2615"]
[BlackElo "2635"]
[Annotator "Ftacnik,L"]
[PlyCount "84"]
[EventDate "1993.??.??"]
[EventType "tourn"]
[EventRounds "9"]
[EventCountry "YUG"]
[EventCategory "16"]
[SourceTitle "CBM 039"]
[Source "ChessBase"]
[SourceDate "1994.04.01"]
[SourceVersion "1"]
[SourceVersionDate "1994.04.01"]
[SourceQuality "1"]

1. e4 e6 2. d4 d5 3. Nc3 Bb4 4. Bd3 dxe4 5. Bxe4 Nf6 6. Bg5 Nbd7 7. Nge2 h6 8.
Bxf6 Nxf6 9. Bf3 O-O 10. O-O c6 11. Ne4 (11. a3 Bd6 $10) 11... Nxe4 12. Bxe4
Bd6 $1 13. Qd3 f5 14. Bf3 e5 $1 15. dxe5 Bxe5 16. Qc4+ Kh7 17. Rad1 Qf6 18. Nd4
(18. c3 Be6 $15) 18... Bd7 19. c3 Rae8 20. Qa4 a6 21. Nb3 Bc8 22. Qb4 Re7 23.
Na5 g5 $1 24. g3 (24. Bxc6 $2 bxc6 25. Nxc6 Rb7 $19) 24... g4 25. Bg2 f4 26.
Rfe1 c5 $1 27. Qc4 (27. Qxc5 b6 $19) 27... Kg7 28. Nb3 b6 29. Kh1 h5 30. Nd2 f3
31. Bf1 h4 32. Re4 hxg3 33. fxg3 (33. hxg3 Rh8+ 34. Kg1 Qg6 $19 (34... Qh6 35.
Rxg4+ Bxg4 36. Qxg4+ Kf8 37. Qxf3+ Rf7 $17)) 33... Kh8 34. Bd3 f2 $1 35. Rxg4 (
35. Re2 Bb7+ 36. Be4 Rh7 37. Bxb7 Rxh2+ 38. Kxh2 Qh4+ 39. Kg2 Qh3#) 35... Bxg4
36. Qxg4 Qh6 37. Nf1 Rg7 38. Qe4 Bxg3 39. Nxg3 Rxg3 40. Qe5+ (40. Rf1 Rxd3 41.
Qxd3 Qc6+) 40... Rg7 41. Rf1 Qh4 42. Be2 Qh3 (42... Qh3 43. Qh5+ Qxh5 44. Bxh5
Rfg8 $19) 0-1

[Event "Keres Memorial-03"]
[Site "Tallinn"]
[Date "1981.03.15"]
[Round "8"]
[White "Tal, Mihail"]
[Black "Vooremaa, Andres M"]
[Result "1-0"]
[WhiteElo "2555"]
[BlackElo "2415"]
[Annotator "Gagarin,V"]
[PlyCount "57"]
[EventDate "1981.03.06"]
[EventType "tourn"]
[EventRounds "15"]
[EventCountry "URS"]
[EventCategory "9"]
[SourceTitle "MCL"]
[Source "ChessBase"]
[SourceDate "1999.07.01"]
[SourceVersion "1"]
[SourceVersionDate "1999.07.01"]
[SourceQuality "1"]

1. e4 e6 2. d4 d5 3. Nc3 Nf6 4. Bg5 Bb4 5. e5 h6 6. Bd2 Bxc3 7. bxc3 Ne4 8. Qg4
g6 9. Bc1 $5 (9. Bd3 Nxd2 10. Kxd2 c5 11. Nf3 Nc6 $14) 9... c5 10. Bd3 Nxc3 (
10... cxd4 11. Ne2 $1 Nc6 (11... Nc5 12. cxd4 Nxd3+ 13. cxd3 b6 14. h4 h5 15.
Qf3 $16 {Bronstein,D-Goldenov,B/URS/1944/}) (11... Qa5 12. O-O dxc3 13. Bxe4
dxe4 14. Ng3 $1 Nc6 15. Nxe4 Nxe5 16. Qg3 $16 {Boleslavsky,I-Lisitsyn,G/URS-ch/
1944/}) 12. Bxe4 dxe4 13. cxd4 (13. Qxe4 dxc3 14. f4 Qa5 15. a4 O-O $10 {Evans}
) 13... Nxd4 14. Qxe4 Nxe2 15. Qxe2 Bd7 (15... Kf8 $5) 16. O-O Qc7 17. Ba3
O-O-O 18. Bd6 Qc6 19. Rab1 $16 {Liberzon,V-Faibisovich,V/URS/1967/1:0/29/}) 11.
dxc5 Qa5 (11... Nc6 12. Nf3 Qa5 13. O-O $16) (11... Qc7 12. Nf3 Nd7 13. O-O
Nxc5 14. Re1 $14) (11... Nd7 $5 12. Nf3 Nxc5 $14) 12. Bd2 Qa4 $1 13. h3 (13.
Qf3 Ne4 $1 14. Bxe4 dxe4 15. Qc3 Bd7 16. Ne2 Bb5 17. Ng3 Nc6 18. Qb3 Nd4 $10)
13... Ne4 (13... Qxg4 $6 14. hxg4 Ne4 15. Bxe4 dxe4 16. Ne2 Nd7 17. Ng3 Nxc5
18. g5 h5 19. Bb4 Na6 20. Bd6 $16 {Gligoric,S-Pachman,L/Amsterdam izt/1964/}) (
13... h5 $5 14. Qxa4+ Nxa4 $10 {Keres}) 14. Ne2 (14. Nf3 Nxc5 $10) (14. Bxe4
Qd4 $5 (14... Qxe4+ 15. Ne2 $13) 15. Rd1 (15. Rb1 Qxe5 16. Rb4 (16. Ne2 $5)
16... dxe4 17. Ne2 Nc6 18. Rxe4 Qxc5 19. Qf4 {Klovans,J-Gusev,V/URS/1977/1:0/
42/} e5 20. Qf6 Rh7 21. O-O Bf5 $17 {/\ Qe7 Tukmakov}) 15... Qxe4+ 16. Ne2 Qxe5
17. f3 $13 {Rantanen,Y-Vooremaa,A/Tallinn/1979/}) 14... Nxc5 15. Qf3 Qh4 $5 (
15... Qd7 16. O-O b6 17. a4 Ba6 18. a5 Bxd3 19. cxd3 Nb3 20. Qf6 Rg8 21. axb6 (
21. Bxh6 $5 Nxa1 22. Rxa1 $44) 21... Nxd2 22. Rfc1 $1 Nb3 23. Rcb1 Nc5 24. d4
$1 Ne4 25. b7 Qxb7 26. Rxb7 Nxf6 27. exf6 Nd7 $10 {Arbakov,V-Gurevich,D/URS/
1978/0:1/49/}) 16. O-O Nc6 17. g3 Qe7 (17... Qxh3 $4 18. Nf4 $18) (17... Nxe5
$2 18. Qe3 Qf6 (18... Qh5 19. Nf4 $18) 19. Bc3 $1 (19. Qxc5 Nf3+ 20. Kg2 Nxd2
21. Bb5+ Bd7 22. Bxd7+ Kxd7 23. Qb5+ Kc8 $44) 19... Nf3+ 20. Kg2 d4 21. Nxd4
$18) 18. Qe3 Bd7 (18... Nxd3 $6 19. cxd3 Kf8 20. a4 Kg7 21. Bc1 $36 {/\ Ba3})
19. Rab1 $44 Rc8 20. Bb5 Kf8 (20... a6 21. Bxc6 Rxc6 22. Bb4 $44) 21. c4 $1
dxc4 22. Rfc1 b6 (22... Nd3 23. Rxc4 Ndxe5 24. Rcc1 (24. Rxc6 Nxc6 25. Bxc6
bxc6 26. Rb7 {/\ Qd4} Qd6 $1 $13) 24... Kg7 (24... b6 25. f4 $18) (24... a6 25.
Bxc6 Nxc6 26. Rxb7 $16) 25. Bxc6 (25. Bc3 $6 f6 $13) (25. f4 a6 26. Ba4 b5 27.
Bb3 Nc4 28. Bxc4 bxc4 29. Rxc4 $44) 25... Nxc6 26. Rxb7 $44) 23. Rxc4 Nb8 (
23... Kg7 $5 $44) 24. Nd4 a6 $2 {>< b6} (24... Kg7 $44) 25. Bxd7 Nbxd7 26. a4
$1 $16 Kg7 $6 (26... a5 $5 27. Nb5 Kg7 28. Nd6 Rcd8 $16) 27. a5 $1 bxa5 $2 (
27... b5 28. Rc2 {/\ Rbc1,Bb4} Na4 29. Nc6 Qe8 30. Rbc1 $16) 28. Rbc1 $1 $18 {
(.)} g5 (28... Nb6 29. Rxc5 $1 $18) (28... Qd8 29. Nb3 $18) (28... a4 29. Bb4
$18) (28... Ra8 $5 29. Nc6 $1 (29. Rxc5 Nxc5 30. Rxc5 g5 $16) 29... Qg5 (29...
Qe8 30. Rxc5 Nxc5 31. Rxc5 Rc8 32. Qf3 a4 (32... g5 33. h4 Qd7 34. hxg5 $18)
33. Qf6+ Kh7 34. Bxh6 $1 Rg8 35. Qh4 $18) 30. Rf4 $1 {>< Qg5} (30. f4 $2 Qf5 $1
$16) 30... Rhc8 (30... Rac8 31. Rxc5 Nxc5 32. Qxc5 {/\ Rf7} Qh5 33. Rxf7+ $1
Kxf7 34. Qe7+ Kg8 35. Qxe6+ Kf8 36. Qf6+ Kg8 37. Ne7+ $18) 31. Rxc5 Nxc5 32.
Qxc5 Qh5 33. Qe7 Qd1+ 34. Kg2 Rf8 35. Rd4 $18) 29. Bxa5 {/\ Bb4} (29. Bxa5 Nb7
30. Bb4 $18) 1-0